000 00620nam a2200265Ia 4500
005 20260306164457.0
008 008 260114s9999 xx 000 0 eng d
020 _a9780199355242
037 _aEBOOK
040 _aCRL
040 _beng
040 _cCRL
041 _2eng
041 _aeng
084 _qCRL
100 _aDean Moyar
_91130830
245 4 _aThe Oxford Handbook Of Hegel
260 _bOxford University Press
260 _c2017
650 _aPhilosophy
856 _uhttps://academic.oup.com/edited-volume/28104
942 _cEBOOK
999 _c1714226
_d1714226